Giáo Trình Ngữ Pháp Tiếng Việt

Đã lưu trong:
書目詳細資料
主要作者: Nguyễn Quốc Dũng
格式: 圖書
出版: Huế [kxd] 2003
主題:
標簽: 添加標簽
沒有標簽, 成為第一個標記此記錄!
Thư viện lưu trữ: Trung tâm Học liệu Lê Vũ Hùng, Trường Đại học Đồng Tháp
LEADER 00745pam a22002418a 4500
001 00025442
005 20171026081022.0
008 110804s2003 ||||||Viesd
041 0 # |a Vie 
082 1 4 |a 495.922 5  |b GI108TR 
100 0 # |a Nguyễn Quốc Dũng 
245 0 0 |a Giáo Trình Ngữ Pháp Tiếng Việt  |c Nguyễn Quốc Dũng 
260 # # |a Huế  |b [kxd]  |c 2003 
300 # # |a 129 tr.  |c 27 cm. 
653 # # |a Ngữ Pháp 
653 # # |a Tiếng Việt 
852 # # |b Kho giáo trình  |j KGT.0022949 
852 # # |b Kho mượn  |j KGT.0022949 
852 # # |j KGT.0022949 
910 0 # |a duyên  |d 04/08/2011 
980 # # |a Trung tâm Học liệu Lê Vũ Hùng, Trường Đại học Đồng Tháp